000 01014pam a2200277 a 4500
001 4014897
003 GBCCL
005 20241126110423.0
008 970203r19971980tnuab 001 0 eng
010 _a 97006230
020 _a0785212310
040 _aDLC
_cDLC
_dDLC
050 0 0 _aBS621
_b.I45 1997
082 0 0 _a220.95
_221
_bILL
245 0 0 _aIllustrated manners and customs of the Bible /
_cJ.I. Packer, M.C. Tenney, editors.
260 _aNashville :
_bT. Nelson,
_c[1997].
300 _a766 p. :
_bill., maps ;
_c24 cm.
500 _aIncludes index.
630 0 0 _aBible
_xAntiquities.
_91889
700 1 _aPacker, J. I.
_q(James Innell)
_92241
700 1 _aTenney, Merrill C.
_q(Merrill Chapin),
_d1904-1985.
_94526
856 4 2 _3Publisher description
_uhttp://www.loc.gov/catdir/enhancements/fy0609/97006230-d.html
906 _a7
_bcbc
_corignew
_d1
_eocip
_f19
_gy-gencatlg
942 _2ddc
_cREF
999 _c2208
_d2208